Tarih içinde Ankara / (Kayıt no. 7738)

MARC ayrıntıları
000 -BAŞLIK
Sabit Uzunluktaki Kontrol Alanı 00485nam a22001697a 4500
003 - KONTROL NUMARASI KİMLİĞİ
Kontrol Alanı KOHA_MİRAKIL
005 - EN SON İŞLEM TARİHİ ve ZAMANI
Kontrol Alanı 20241003090903.0
008 - SABİT UZUNLUKTAKİ VERİ ÖGELERİ - GENEL BİLGİ
Sabit Alan 241003b tu ||||| |||| 00| 0 tur d
040 ## - KATALOGLAMA KAYNAĞI
Özgün Kataloglama Kurumu TR-AnABB
Kataloglama Dili tur
Çeviri Kurumu TR-AnABB
041 ## - DİL KODU
Metin ya da ses kaydının dil kodu tur
082 ## - DEWEY ONU SINIFLAMA SİSTEMİ
Sınıflama Numarası 956.511
Cutter numarası TAR 1981
245 00 - ESER ADI BİLDİRİMİ
Başlık Tarih içinde Ankara /
Sorumluluk Bildirimi derleyen: Ayşıl Tükel Yavuz
260 ## - YAYIN, DAĞITIM, VB.
Yayın Yeri Ankara :
Yayınevi ODTÜ Mimarlık Fakültesi,
Yayın Tarihi 1981
300 ## - FİZİKSEL TANIMLAMA
Sayfa, Cilt vb. 335 sayfa ;
Boyutları 28 cm
650 00 - KONU BAŞLIĞI EK GİRİŞ - KONU TERİMİ
Konusal terim veya coğrafi ad Tarih,
Coğrafi Alt Konu Ankara
942 ## - EK GİRİŞ ÖGELERİ (KOHA)
Sınıflama Kaynağı Dewey Decimal Classification
Materyal Türü Kitap
900 ## - YEREL BİLGİ
Kontrol Can Çelik
Mevcut
Geri Çekilme Durumu Kayıp Durumu Sınıflandırma Kaynağı Kredi için değil Kalıcı Konum Mevcut Konum Kayıt Tarih Toplam Ödünçverme Yer Numarası Demirbaş Numarası Son Görülme Tarihi Fatura Tarihi Materyal Türü
    Dewey Decimal Classification   Büyükşehir Genç Akademi Kafe Sıhhiye Büyükşehir Genç Akademi Kafe Sıhhiye 03/10/2024   956.511 TAR 1981 ABB110077 03/10/2024 03/10/2024 Kitap